Foreign policy in India (Record no. 395604)
[ view plain ]
| 000 -LEADER | |
|---|---|
| fixed length control field | 00500 a2200193 4500 |
| 005 - DATE & TIME | |
| control field | 20260205141354.0 |
| 008 - FIXED-LENGTH DATA ELEMENTS--GENERAL INFORMATION | |
| fixed length control field | 260205b |||||||| |||| 00| 0 eng d |
| 020 ## - ISBN | |
| International Standard Book Number | 9788197358999 |
| Price | Rs. 1895.00 |
| 040 ## - CATALOGING SOURCE | |
| Original cataloging agency | VIVEKANANDA LIBRARY |
| 082 ## - DDC NUMBER | |
| Classification number | 327.54 |
| Book Number | S23F |
| 100 ## - MAIN ENTRY--PERSONAL NAME | |
| Personal name | Sharma, Prachi |
| 245 ## - TITLE STATEMENT | |
| Title | Foreign policy in India |
| 260 ## - PUBLICATION, DISTRIBUTION, ETC. (IMPRINT) | |
| Name of publisher, distributor, etc | Yking Books |
| Date of publication, distribution, etc | 2024 |
| Place of publication, distribution, etc | Jaipur |
| 300 ## - PHYSICAL DESCRIPTION | |
| Pages | vi, 240 |
| 650 ## - Subject | |
| Subject | International Relations |
| 650 ## - Subject | |
| Subject | Foreign Policy |
| 650 ## - Subject | |
| Subject | Indian Foreign Policy |
| 942 ## - ADDED ENTRY ELEMENTS (KOHA) | |
| Koha item type | Books |
| Withdrawn status | Lost status | Source of classification or shelving scheme | Damaged status | Not for loan | Location (home branch) | Sublocation or collection (holding branch) | Shelving location | Date acquired | Koha issues (times borrowed) | Koha full call number | Accession No. | Koha date last seen | Koha item type |
|---|---|---|---|---|---|---|---|---|---|---|---|---|---|
| Dewey Decimal Classification | VIVEKANANDA LIBRARY | VIVEKANANDA LIBRARY | Vivekananda Library | 06/01/2026 | 327.54 S23F | 444114 | 06/01/2026 | Books |
